| 000 | 01097cad a22002415a 4500 | ||
|---|---|---|---|
| 001 | E154939 | ||
| 008 | 120206s2011 xxk f l s000 0 eng d | ||
| 035 | _a(Sirsi) u154939 | ||
| 041 | 0 | _aeng | |
| 050 | 0 | 4 | _a711.1 $2 18 |
| 110 | 2 |
_aScotland _kLaws, etc |
|
| 245 | 0 | 4 |
_aThe Town and Country Planning (General Permitted Development) (Scotland) Amendment Order 2011 _h[electronic resource] |
| 260 |
_aEdinburgh _bScottish Government _c2011 |
||
| 490 | 0 |
_aScottish Statutory Instrument _v2011: 357 |
|
| 520 | _aAmends the Town and Country Planning (General Permitted Development) (Scotland) Order 1992 by changing the types of home improvements and alterations which can be carried out without the need for planning permission. | ||
| 521 | _aAdvanced | ||
| 590 | _aKA | ||
| 650 | 2 | 4 | _aTOWN AND COUNTRY PLANNING (GENERAL PERMITTED DEVELOPMENT) (SCOTLAND) AMENDMENT ORDER 2011 |
| 651 | 4 |
_aScotland _y1999- |
|
| 690 |
_aPlanning and development _96259 |
||
| 856 | 4 | 0 |
_uhttps://www.legislation.gov.uk/ssi/2011/357/contents/made _zView the SI free of charge at www.legislation.gov.uk |
| 942 | _n0 | ||
| 999 |
_c113249 _d113249 |
||